| 000 | 00526nam a2200181Ia 4500 | ||
|---|---|---|---|
| 999 |
_c1396 _d1396 |
||
| 003 | OSt | ||
| 005 | 20211115102154.0 | ||
| 008 | 190216s9999||||xx |||||||||||||| ||und|| | ||
| 040 | _coclc | ||
| 082 |
_a585 _bCHA/G |
||
| 100 |
_aChamberlain, Charles Joseph _98903 |
||
| 245 | 0 |
_aGymnosperms Structure And Evolution / _cCharles Joseph Chamberlain |
|
| 250 | _a1st Ed. | ||
| 260 |
_bCbs Publishers, _c1986. _aNew Delhi: |
||
| 300 | _a484p | ||
| 650 | _aBotany | ||
| 942 |
_cBK _2ddc _h585 _iCHA/G _k585 _mCHA/G |
||